| 000 | 00449nam a22001811 4500 | ||
|---|---|---|---|
| 001 | bimo0001241544 | ||
| 003 | OSt | ||
| 005 | 20130613170309.0 | ||
| 008 | 940725s1963 sp spa | ||
| 040 |
_aSpMaBN _bspa _cBMC |
||
| 082 | _a864.991 | ||
| 100 |
_aNoel, Eugenio _9908 |
||
| 245 | 1 | 0 |
_aEspaƱa nervio a nervio _cEugenio Noel |
| 260 | 0 |
_aMadrid _bEspasa-Calpe _c1963 |
|
| 300 |
_a239 p. _c18 cm |
||
| 490 | 0 |
_aAustral _v1327 |
|
| 942 |
_2ddc _cBK |
||
| 999 |
_c809 _d809 |
||